Australian Agricultural and Resource Economics Society 41st Annual Conference. (Record no. 21331)

000 -LEADER
fixed length control field 00304nam a22001097a 4500
040 ## - CATALOGING SOURCE
Transcribing agency RUA
082 ## - DEWEY DECIMAL CLASSIFICATION NUMBER
Classification number VOL JAN 1997 C227 Or.
100 ## - MAIN ENTRY--AUTHOR NAME
Personal name Gold Coast, Australia.
245 ## - TITLE STATEMENT
Title Australian Agricultural and Resource Economics Society 41st Annual Conference.
260 ## - PUBLICATION, DISTRIBUTION, ETC. (IMPRINT)
Place of publication phnom penh
Name of publisher rua
Year of publication 1997
942 ## - ADDED ENTRY ELEMENTS (KOHA)
Koha item type សៀវភៅភាសាអង់គ្លេស
952 ## - LOCATION AND ITEM INFORMATION (KOHA)
Withdrawn status [LOCAL, KOHA] 0
Holdings
Permanent Location Date acquired Koha item type Lost status Shelving location Barcode Current Location Full call number
Library Block C2023-05-16សៀវភៅភាសាអង់គ្លេស C227a06114Library Block CVOL JAN 1997 C227 Or.
មជ្ឈមណ្ឌលឯការនៃសាកលវិទ្យាល័យភូមិន្ទកសិកម្មចំការដូង

Powered by Koha